• 首页
  • 本馆介绍
  • 公告通知
  • 最新文献
  • 馆藏检索
  • 电子资源
  • 读者导购
  • 参考咨询
  • 我的图书馆
  • 登录
  • 期刊详细显示
  • 现刊情况显示
  • 合订本情况显示
  • 篇目信息显示

期刊信息

  • 表格格式
  • 工作单格式
  • 卡片格式
索取号 
Q319-55/ABJB
题名 
癌变.畸变.突变
作者 
《癌变.畸变.突变》编辑部
分册号 
分册名 
出版地 
北京
出版者 
中国环境诱变剂学会
标准刊号 
1004-616X
出版频率 
季刊
中图法分类 
Q319-55
主题词 
遗传; 变异
电子资源 
000 00648nas0 2200217 45
001 0732362984
005 2007090408592298
011    @a1004-616X@d¥12.00
091    @aCN44-1063
100    @a20070904d km y0chiy0120 ea
101 0  @achi
110    @aahaz 0xx0
200 1  @a癌变.畸变.突变@AAi Bian.Ji Bian.Tu Bian@f《癌变.畸变.突变》编辑部@F《Ai Bian.Ji Bian.Tu Bian》Bian Ji Bu
210    @a北京@c中国环境诱变剂学会
326    @a季刊
606 0  @a遗传
606 0  @a变异
690    @aQ319-55@v4
711 02 @a《癌变·畸变·突变》编辑部@A《Ai Bian·Ji Bian·Tu Bian》Bian Ji Bu
801  0 @aCN@bPFT@c20070904
905    @a213230@dQ319-55@eABJB
    
    癌变.畸变.突变/《癌变.畸变.突变》编辑部.-北京:中国环境诱变剂学会
    
    
    
    ISSN 1004-616X:¥12.00
    
●
相关链接: 在易读查询期刊 在中国知网中查询期刊 在万方数据查询期刊 在维普查询期刊
唐山师范学院图书馆 欢迎您!
大连网信软件有限公司© 版权所有